Documenti del 2° capitolo provinciale d'Italia (Record no. 98260)
[ view plain ]
| 000 -LEADER | |
|---|---|
| fixed length control field | 00595nam a22001697a 4500 |
| 003 - CONTROL NUMBER IDENTIFIER | |
| control field | IT-RoPau |
| 005 - DATE AND TIME OF LATEST TRANSACTION | |
| control field | 20220918181102.0 |
| 008 - FIXED-LENGTH DATA ELEMENTS--GENERAL INFORMATION | |
| fixed length control field | 130321b xxu||||| |||| 00| 0 eng d |
| 040 ## - CATALOGING SOURCE | |
| Transcribing agency | IT-RoPau |
| 100 ## - MAIN ENTRY--PERSONAL NAME | |
| Personal name | SSP - Provincia |
| 9 (RLIN) | 478 |
| 245 ## - TITLE STATEMENT | |
| Title | Documenti del 2° capitolo provinciale d'Italia |
| 250 ## - EDITION STATEMENT | |
| Edition statement | I |
| 260 ## - PUBLICATION, DISTRIBUTION, ETC. (IMPRINT) | |
| Place of publication, distribution, etc. | Roma |
| Name of publisher, distributor, etc. | SSP - Provincia |
| Date of publication, distribution, etc. | 1978 |
| 300 ## - PHYSICAL DESCRIPTION | |
| Extent | 31 pp. |
| Dimensions | 21 cm |
| 520 ## - SUMMARY, ETC. | |
| Summary, etc. | Indice<br/><br/>Presentazione del Superiore Provinciale<br/>Comunità - Spiritualità<br/>Promozione - Formazione<br/>Centralizzazione economica<br/>Costituzione e Regolamento del Gruppo Libri<br/>Allegati |
| 942 ## - ADDED ENTRY ELEMENTS (KOHA) | |
| Source of classification or shelving scheme | Dewey Decimal Classification |
| Koha item type | LIBRO |
| Withdrawn status | Lost status | Source of classification or shelving scheme | Damaged status | Not for loan | Home library | Current library | Date acquired | Total Checkouts | Full call number | Date last seen | Price effective from | Koha item type |
|---|---|---|---|---|---|---|---|---|---|---|---|---|
| Dewey Decimal Classification | Buone Condizioni | Not For Loan | PAULUS-BIBLIOTECA | PAULUS-BIBLIOTECA | 21/03/2013 | P C4 | 21/03/2013 | 21/03/2013 | LIBRO |